000 00287nam a2200109Ia 4500
008 201217s9999 xx 000 0 und d
100 _aDatta, A. K.
245 0 _aIntegrated Materials Management : A Functional Approach
260 _aNew Delhi
_bPrentice hall
300 _a380
942 _cBK
999 _c7629
_d7629